| 000 | 00857cab a2200301 4500 | ||
|---|---|---|---|
| 001 | ABS59934 | ||
| 008 | 090401t1999 xxu||||| |||| 00| 0 eng d | ||
| 035 | _a(Sirsi) u90747 | ||
| 041 | _aeng | ||
| 245 | _aRegional survey: Norfolk and Suffolk | ||
| 260 | _c1999 | ||
| 350 | _a0 | ||
| 490 |
_aProperty Week _v64(2) 15 January 1999, 34-43(7) |
||
| 650 | _aEDGE-OF-TOWN DEVELOPMENT | ||
| 650 | _aFOODSTORES | ||
| 650 | _aHOTEL DEVELOPMENT | ||
| 650 | _aINDUSTRIAL MARKET | ||
| 650 | _aLEISURE DEVELOPMENT | ||
| 650 | _aMARKET TOWNS | ||
| 650 | _aNORFOLK | ||
| 650 | _aPROPERTY-COMMERCIAL PROPERTY-OFFICE PROPERTY-OFFICE PROPERTY MARKET | ||
| 650 | _aOUT-OF-TOWN DEVELOPMENT | ||
| 650 | _aPLANNING ISSUES | ||
| 650 | _aSUFFOLK | ||
| 690 | _aPROPERTY-COMMERCIAL PROPERTY-COMMERCIAL PROPERTY MARKET | ||
| 942 | _n0 | ||
| 948 | _c18/01/1999 | ||
| 999 |
_c57545 _d57545 |
||